[Event "V. Dvorkovich Cup 2015 juniors"]
[Site "Moscow"]
[Date "2015.06.25"]
[Round "3.12"]
[White "Dordzhieva RUS, Dinara"]
[Black "Hu CHN, Yu A."]
[Result "1-0"]
[LiveChessVersion "1.4.4"]
[BlackElo "1950"]
[WhiteElo "2263"]

1. d4 {[%clk 1:30:37]} Nf6 {[%clk 1:30:42]} 2. c4 {[%clk 1:31:04]} g6
{[%clk 1:30:57]} 3. g3 {[%clk 1:31:24]} Bg7 {[%clk 1:30:58]} 4. Bg2
{[%clk 1:31:51]} d5 {[%clk 1:30:37]} 5. cxd5 {[%clk 1:31:25]} Nxd5
{[%clk 1:30:51]} 6. e4 {[%clk 1:29:07]} Nb6 {[%clk 1:30:14]} 7. Ne2
{[%clk 1:29:31]} O-O {[%clk 1:29:14]} 8. Nbc3 {[%clk 1:29:31]} Nc6
{[%clk 1:24:39]} 9. d5 {[%clk 1:28:41]} Na5 {[%clk 1:22:23]} 10. O-O
{[%clk 1:20:58]} c6 {[%clk 1:19:39]} 11. h3 {[%clk 1:21:16]} cxd5
{[%clk 1:15:50]} 12. exd5 {[%clk 1:21:43]} e6 {[%clk 0:49:41]} 13. dxe6
{[%clk 1:17:19]} Bxe6 {[%clk 0:49:48]} 14. Bf4 {[%clk 1:16:24]} Bc4
{[%clk 0:44:33]} 15. Re1 {[%clk 1:07:44]} Re8 {[%clk 0:40:51]} 16. Be3
{[%clk 1:03:01]} Bxe2 {[%clk 0:20:04]} 17. Qxe2 {[%clk 0:56:55]} Nac4
{[%clk 0:20:03]} 18. Rad1 {[%clk 0:53:26]} Qf6 {[%clk 0:18:05]} 19. Rd3
{[%clk 0:49:40]} Nxe3 {[%clk 0:13:01]} 20. Rxe3 {[%clk 0:40:54]} Rxe3
{[%clk 0:13:02]} 21. Qxe3 {[%clk 0:41:23]} Nc4 {[%clk 0:12:51]} 22. Qe4
{[%clk 0:39:12]} Nd6 {[%clk 0:13:05]} 23. Qa4 {[%clk 0:36:39]} Qd4
{[%clk 0:10:20]} 24. Qd7 {[%clk 0:34:42]} Be5 {[%clk 0:09:29]} 25. Rd1
{[%clk 0:13:31]} Qb6 {[%clk 0:09:07]} 26. Nd5 {[%clk 0:13:42]} Qd8
{[%clk 0:09:18]} 27. Qa4 {[%clk 0:10:44]} Qe8 {[%clk 0:02:34]} 28. Qh4
{[%clk 0:08:21]} Nf5 {[%clk 0:01:42]} 29. Nf6+ {[%clk 0:07:52]} Kf8
{[%clk 0:01:24]} 30. Qb4+ {[%clk 0:07:03]} 1-0

[Event "V. Dvorkovich Cup 2015 juniors"]
[Site "Moscow"]
[Date "2015.06.25"]
[Round "3.13"]
[White "Shahaliyev AZE, Ismayil"]
[Black "Barseghyan ARM, Harutyun"]
[Result "0-1"]
[LiveChessVersion "1.4.4"]
[BlackElo "2218"]
[WhiteElo "2368"]

1. e4 {[%clk 1:30:58]} e6 {[%clk 1:30:36]} 2. d4 {[%clk 1:31:23]} d5
{[%clk 1:30:40]} 3. Nd2 {[%clk 1:31:48]} Be7 {[%clk 1:30:37]} 4. Bd3
{[%clk 1:32:14]} c5 {[%clk 1:30:45]} 5. dxc5 {[%clk 1:32:38]} Nf6
{[%clk 1:31:02]} 6. Qe2 {[%clk 1:33:03]} O-O {[%clk 1:24:48]} 7. Ngf3
{[%clk 1:33:26]} a5 {[%clk 1:22:29]} 8. O-O {[%clk 1:33:49]} Na6 {[%clk 1:22:27]}
9. e5 {[%clk 1:34:13]} Nd7 {[%clk 1:22:51]} 10. c4 {[%clk 1:34:39]} Ndxc5
{[%clk 1:18:34]} 11. Bb1 {[%clk 1:35:03]} Nb4 {[%clk 1:08:26]} 12. Rd1
{[%clk 1:34:54]} b6 {[%clk 0:52:33]} 13. Nd4 {[%clk 1:14:46]} Bb7
{[%clk 0:49:01]} 14. a3 {[%clk 1:10:20]} Nc6 {[%clk 0:48:25]} 15. N2f3
{[%clk 1:10:00]} Nxd4 {[%clk 0:46:45]} 16. Nxd4 {[%clk 1:10:04]} Qd7
{[%clk 0:38:20]} 17. Ba2 {[%clk 0:59:44]} Rfd8 {[%clk 0:33:28]} 18. Bf4
{[%clk 0:53:13]} Qe8 {[%clk 0:21:32]} 19. Rac1 {[%clk 0:41:47]} a4
{[%clk 0:16:02]} 20. Qe3 {[%clk 0:39:29]} Rac8 {[%clk 0:13:57]} 21. h3
{[%clk 0:39:19]} Rd7 {[%clk 0:10:25]} 22. Kh2 {[%clk 0:09:27]} Rcd8
{[%clk 0:09:51]} 23. Nb5 {[%clk 0:09:18]} dxc4 {[%clk 0:09:53]} 24. Rxd7
{[%clk 0:09:00]} Qxd7 {[%clk 0:10:03]} 25. Bxc4 {[%clk 0:09:18]} Nb3
{[%clk 0:08:00]} 26. Re1 {[%clk 0:07:42]} Qc6 {[%clk 0:07:24]} 27. Bf1
{[%clk 0:05:24]} Nd2 {[%clk 0:07:02]} 28. Qxd2 {[%clk 0:01:55]} Rxd2
{[%clk 0:07:31]} 29. Bxd2 {[%clk 0:02:24]} Bc5 {[%clk 0:07:59]} 30. f3
{[%clk 0:01:41]} Ba6 {[%clk 0:06:46]} 31. Nc3 {[%clk 0:01:18]} Bxf1
{[%clk 0:07:10]} 32. Rxf1 {[%clk 0:01:45]} f6 {[%clk 0:05:30]} 33. Bf4
{[%clk 0:01:18]} Bxa3 {[%clk 0:03:58]} 34. bxa3 {[%clk 0:00:55]} Qxc3
{[%clk 0:04:03]} 35. Rb1 {[%clk 0:00:34]} fxe5 {[%clk 0:02:49]} 36. Bg3
{[%clk 0:01:01]} Qc5 {[%clk 0:01:08]} 37. Rb4 {[%clk 0:01:00]} b5
{[%clk 0:01:29]} 38. Kh1 {[%clk 0:00:46]} Kf7 {[%clk 0:01:51]} 39. Kh2
{[%clk 0:01:12]} Kf6 {[%clk 0:01:14]} 40. Kh1 {[%clk 0:31:00]} Qc1+
{[%clk 0:31:12]} 41. Kh2 {[%clk 0:31:26]} Qxa3 {[%clk 0:30:41]} 42. Rxb5
{[%clk 0:31:52]} Qc3 {[%clk 0:31:03]} 43. Rb8 {[%clk 0:26:28]} a3
{[%clk 0:30:19]} 44. Rf8+ {[%clk 0:26:51]} Kg6 {[%clk 0:30:28]} 45. Ra8
{[%clk 0:25:19]} Qb2 {[%clk 0:30:33]} 46. Ra5 {[%clk 0:25:31]} a2
{[%clk 0:30:31]} 47. Bxe5 {[%clk 0:25:16]} a1=Q {[%clk 0:30:50]} 0-1

[Event "V. Dvorkovich Cup 2015 juniors"]
[Site "Moscow"]
[Date "2015.06.25"]
[Round "3.14"]
[White "Yayloyan ARM, Konstantin"]
[Black "Sadikhov AZE, Ulvi"]
[Result "1/2-1/2"]
[LiveChessVersion "1.4.4"]
[BlackElo "2379"]
[WhiteElo "2171"]

1. e4 {[%clk 1:30:52]} c5 {[%clk 1:30:56]} 2. Nf3 {[%clk 1:30:58]} Nc6
{[%clk 1:31:21]} 3. d4 {[%clk 1:31:15]} cxd4 {[%clk 1:31:47]} 4. Nxd4
{[%clk 1:31:43]} Qb6 {[%clk 1:32:12]} 5. Nb3 {[%clk 1:31:47]} Nf6
{[%clk 1:32:27]} 6. Nc3 {[%clk 1:32:05]} e6 {[%clk 1:32:48]} 7. Qe2
{[%clk 1:31:16]} d6 {[%clk 1:27:47]} 8. g4 {[%clk 1:28:58]} Be7 {[%clk 1:27:12]}
9. g5 {[%clk 1:28:25]} Nd7 {[%clk 1:27:34]} 10. Be3 {[%clk 1:22:09]} Qc7
{[%clk 1:27:38]} 11. f4 {[%clk 1:21:11]} a6 {[%clk 1:27:44]} 12. Bg2
{[%clk 1:13:42]} b5 {[%clk 1:27:24]} 13. O-O-O {[%clk 1:11:49]} Bb7
{[%clk 1:17:04]} 14. Rhe1 {[%clk 1:07:20]} Rc8 {[%clk 1:06:24]} 15. Kb1
{[%clk 1:04:49]} O-O {[%clk 0:54:18]} 16. Qf2 {[%clk 0:52:55]} Rfe8
{[%clk 0:47:42]} 17. h4 {[%clk 0:49:27]} Na5 {[%clk 0:42:59]} 18. Nxa5
{[%clk 0:34:02]} Qxa5 {[%clk 0:43:28]} 19. f5 {[%clk 0:34:00]} b4
{[%clk 0:32:03]} 20. Ne2 {[%clk 0:19:39]} exf5 {[%clk 0:28:51]} 21. exf5
{[%clk 0:16:55]} Bxg2 {[%clk 0:25:48]} 22. Qxg2 Qxf5 {[%clk 0:19:49]} 23. Nd4
{[%clk 0:17:29]} Qg6 {[%clk 0:18:52]} 24. Qh3 {[%clk 0:14:35]} Ne5
{[%clk 0:17:21]} 25. Bf4 {[%clk 0:09:52]} Qh5 {[%clk 0:14:16]} 26. Nf5
{[%clk 0:07:42]} Bf8 {[%clk 0:13:28]} 27. Nxd6 {[%clk 0:05:27]} Bxd6
{[%clk 0:13:33]} 28. Rxd6 {[%clk 0:05:51]} Ng6 {[%clk 0:07:20]} 29. Bc1
{[%clk 0:04:00]} Nf8 {[%clk 0:04:12]} 30. Rxe8 {[%clk 0:01:28]} Rxe8
{[%clk 0:04:41]} 31. Rxa6 {[%clk 0:01:20]} Re1 {[%clk 0:04:24]} 32. Rd6
{[%clk 0:01:16]} Qe2 {[%clk 0:01:58]} 33. Rd8 {[%clk 0:01:06]} Qe7
{[%clk 0:01:19]} 34. Qd3 {[%clk 0:01:00]} Rh1 {[%clk 0:01:18]} 35. Qd6
{[%clk 0:00:32]} Qxd6 {[%clk 0:00:35]} 1/2-1/2

[Event "V. Dvorkovich Cup 2015 juniors"]
[Site "Moscow"]
[Date "2015.06.25"]
[Round "3.15"]
[White "Naghdiyev AZE, Niyazi"]
[Black "Parvanyan ARM, Ashot"]
[Result "1/2-1/2"]
[LiveChessVersion "1.4.4"]
[BlackElo "2168"]
[WhiteElo "2250"]

1. d4 {[%clk 1:30:58]} Nf6 {[%clk 1:30:21]} 2. c4 {[%clk 1:31:24]} c5
{[%clk 1:30:02]} 3. d5 {[%clk 1:31:50]} e6 {[%clk 1:29:53]} 4. Nc3
{[%clk 1:32:16]} exd5 {[%clk 1:30:17]} 5. cxd5 {[%clk 1:32:42]} d6
{[%clk 1:30:40]} 6. e4 {[%clk 1:33:07]} g6 {[%clk 1:30:43]} 7. Bd3
{[%clk 1:33:33]} Bg7 {[%clk 1:29:52]} 8. h3 {[%clk 1:33:59]} O-O {[%clk 1:29:12]}
9. Nf3 {[%clk 1:34:26]} a6 {[%clk 1:29:15]} 10. a4 {[%clk 1:34:50]} Nbd7
{[%clk 1:29:03]} 11. O-O {[%clk 1:32:38]} Nh5 {[%clk 1:28:10]} 12. Bg5
{[%clk 1:27:53]} Bf6 {[%clk 1:28:31]} 13. Be3 {[%clk 1:26:28]} Ne5
{[%clk 1:26:07]} 14. Be2 {[%clk 1:24:40]} Nxf3+ {[%clk 1:26:30]} 15. Bxf3
{[%clk 1:25:05]} Ng7 {[%clk 1:26:54]} 16. a5 {[%clk 1:15:10]} Bd7
{[%clk 1:10:02]} 17. Qd2 {[%clk 1:10:08]} b5 {[%clk 0:58:56]} 18. axb6
{[%clk 1:07:39]} Qxb6 {[%clk 0:59:10]} 19. Ra2 {[%clk 1:05:56]} Rfb8
{[%clk 0:52:25]} 20. Rfa1 {[%clk 1:05:13]} a5 {[%clk 0:48:36]} 21. Bd1
{[%clk 0:59:54]} Qb4 {[%clk 0:44:49]} 22. Bc2 {[%clk 0:51:24]} a4
{[%clk 0:19:49]} 23. Bxa4 {[%clk 0:40:48]} Bxa4 {[%clk 0:18:19]} 24. Nxa4
{[%clk 0:39:47]} Qxe4 {[%clk 0:13:15]} 25. Nxc5 {[%clk 0:39:48]} Rxa2
{[%clk 0:11:38]} 26. Nxe4 {[%clk 0:40:06]} Rxa1+ {[%clk 0:12:03]} 27. Kh2
{[%clk 0:40:31]} Bxb2 {[%clk 0:00:38]} 28. Bd4 {[%clk 0:36:12]} Bxd4
{[%clk 0:00:34]} 29. Qxd4 {[%clk 0:36:40]} Ra6 {[%clk 0:00:32]} 30. Qf6
{[%clk 0:36:36]} Ne8 {[%clk 0:00:36]} 31. Qe7 {[%clk 0:36:58]} Rab6
{[%clk 0:00:33]} 32. h4 {[%clk 0:31:55]} h6 {[%clk 0:00:34]} 33. h5
{[%clk 0:29:57]} R6b7 {[%clk 0:00:40]} 34. Qh4 {[%clk 0:29:15]} Kg7
{[%clk 0:00:38]} 35. hxg6 {[%clk 0:28:37]} fxg6 {[%clk 0:01:05]} 36. Qg3
{[%clk 0:29:02]} Rd8 {[%clk 0:00:33]} 37. f4 {[%clk 0:28:53]} Rf7
{[%clk 0:00:34]} 38. Qc3+ {[%clk 0:28:23]} Kh7 {[%clk 0:00:43]} 39. Qh3
{[%clk 0:28:00]} Kg7 {[%clk 0:00:47]} 40. Qc3+ {[%clk 0:58:06]} Kh7
{[%clk 0:31:09]} 41. g3 {[%clk 0:55:44]} Rdd7 {[%clk 0:23:20]} 42. Kg2
{[%clk 0:48:21]} Rde7 {[%clk 0:19:22]} 1/2-1/2

[Event "V. Dvorkovich Cup 2015 juniors"]
[Site "Moscow"]
[Date "2015.06.25"]
[Round "3.16"]
[White "Ghukasyan ARM, Siranush"]
[Black "Hojjatova AZE, Aydan"]
[Result "1-0"]
[LiveChessVersion "1.4.4"]
[BlackElo "2202"]
[WhiteElo "2054"]

1. e4 {[%clk 1:30:59]} c5 {[%clk 1:30:54]} 2. Nf3 {[%clk 1:31:25]} e6
{[%clk 1:31:16]} 3. d4 {[%clk 1:31:50]} cxd4 {[%clk 1:31:43]} 4. Nxd4
{[%clk 1:32:15]} Nf6 {[%clk 1:32:10]} 5. Nc3 {[%clk 1:32:38]} Nc6
{[%clk 1:32:35]} 6. Ndb5 {[%clk 1:33:03]} Bc5 {[%clk 1:32:55]} 7. Be3
{[%clk 1:31:10]} Bxe3 {[%clk 1:20:21]} 8. Nd6+ {[%clk 1:31:03]} Ke7
{[%clk 1:17:58]} 9. fxe3 {[%clk 1:31:25]} a6 {[%clk 1:16:05]} 10. Qd2
{[%clk 1:28:01]} Qc7 {[%clk 1:08:43]} 11. O-O-O {[%clk 1:26:54]} Ne8
{[%clk 1:03:26]} 12. e5 {[%clk 1:04:29]} Nxe5 {[%clk 0:54:06]} 13. Nce4
{[%clk 1:04:15]} Nxd6 {[%clk 0:22:54]} 14. Nxd6 {[%clk 1:04:26]} b6
{[%clk 0:20:32]} 15. Be2 {[%clk 0:59:17]} f6 {[%clk 0:20:13]} 16. g4
{[%clk 0:50:42]} Nf7 {[%clk 0:10:06]} 17. Nxf7 {[%clk 0:50:43]} Kxf7
{[%clk 0:10:35]} 18. g5 {[%clk 0:50:54]} Qe5 {[%clk 0:06:57]} 19. Bh5+
{[%clk 0:49:34]} g6 {[%clk 0:05:30]} 20. Bf3 {[%clk 0:49:48]} d5 {[%clk 0:04:23]}
21. gxf6 {[%clk 0:50:04]} Bb7 {[%clk 0:03:36]} 22. e4 {[%clk 0:47:53]} d4
{[%clk 0:02:27]} 23. Qxd4 {[%clk 0:40:43]} Qxd4 {[%clk 0:00:44]} 24. Rxd4
{[%clk 0:41:07]} Rhd8 {[%clk 0:00:40]} 25. Rhd1 {[%clk 0:41:21]} Rxd4
{[%clk 0:00:39]} 26. Rxd4 {[%clk 0:41:50]} Bc6 {[%clk 0:00:39]} 27. Rc4
{[%clk 0:41:10]} Bb5 {[%clk 0:00:38]} 28. Rc7+ {[%clk 0:41:33]} Kf8
{[%clk 0:00:35]} 29. Rxh7 {[%clk 0:41:54]} Be8 {[%clk 0:00:38]} 30. Bg4
{[%clk 0:41:59]} e5 {[%clk 0:00:39]} 31. Be6 {[%clk 0:42:19]} 1-0

[Event "V. Dvorkovich Cup 2015 juniors"]
[Site "Moscow"]
[Date "2015.06.26"]
[Round "4.1"]
[White "Sibashvili GEO, Giorgi"]
[Black "Barseghyan ARM, Harutyun"]
[Result "1/2-1/2"]
[LiveChessVersion "1.4.4"]
[BlackElo "2218"]
[WhiteElo "2388"]

1. d4 {[%clk 1:30:56]} f5 {[%clk 1:30:51]} 2. c4 {[%clk 1:30:30]} Nf6
{[%clk 1:31:03]} 3. g3 {[%clk 1:30:18]} e6 {[%clk 1:31:18]} 4. Bg2
{[%clk 1:30:26]} c6 {[%clk 1:31:07]} 5. Nd2 {[%clk 1:29:34]} d5 {[%clk 1:29:38]}
6. Nh3 {[%clk 1:25:05]} Bd6 {[%clk 1:29:01]} 7. O-O {[%clk 1:24:34]} O-O
{[%clk 1:29:27]} 8. Qc2 {[%clk 1:23:59]} Bd7 {[%clk 1:21:52]} 9. Nf3
{[%clk 1:11:31]} Be8 {[%clk 1:19:26]} 10. c5 {[%clk 0:59:33]} Be7
{[%clk 1:08:02]} 11. Nf4 {[%clk 0:56:37]} Qc8 {[%clk 1:07:35]} 12. Qb3
{[%clk 0:48:58]} Bf7 {[%clk 0:56:42]} 13. Ne5 {[%clk 0:41:22]} Nbd7
{[%clk 0:40:16]} 14. Nxf7 {[%clk 0:40:04]} Kxf7 {[%clk 0:40:14]} 15. Qe3
{[%clk 0:40:21]} Nb8 {[%clk 0:34:22]} 16. b4 {[%clk 0:39:07]} a5 {[%clk 0:28:46]}
17. bxa5 {[%clk 0:32:07]} Rxa5 {[%clk 0:29:04]} 18. a4 {[%clk 0:32:24]} Bd8
{[%clk 0:29:07]} 19. Qb3 {[%clk 0:29:28]} Nbd7 {[%clk 0:27:27]} 20. Nd3
{[%clk 0:23:22]} Bc7 {[%clk 0:27:09]} 21. Bf4 {[%clk 0:17:55]} Bxf4
{[%clk 0:27:23]} 22. gxf4 {[%clk 0:18:14]} Qc7 {[%clk 0:24:08]} 23. Rfb1
{[%clk 0:18:10]} Rb8 {[%clk 0:24:35]} 24. e3 {[%clk 0:14:53]} h6 {[%clk 0:24:48]}
25. Qc2 {[%clk 0:08:15]} g5 {[%clk 0:24:45]} 26. Rb4 {[%clk 0:06:31]} Ke7
{[%clk 0:17:44]} 27. Rab1 {[%clk 0:06:09]} Kd8 {[%clk 0:18:02]} 28. f3
{[%clk 0:02:19]} Kc8 {[%clk 0:18:21]} 29. Qf2 {[%clk 0:02:20]} Qd8
{[%clk 0:17:20]} 30. fxg5 {[%clk 0:02:34]} hxg5 {[%clk 0:17:42]} 31. Qg3
{[%clk 0:02:55]} Qg8 {[%clk 0:15:52]} 32. h4 {[%clk 0:01:38]} gxh4
{[%clk 0:15:24]} 33. Qxh4 {[%clk 0:01:16]} Ra7 {[%clk 0:13:12]} 34. Kf2
{[%clk 0:01:21]} Rba8 {[%clk 0:13:03]} 35. Nb2 {[%clk 0:01:31]} Qf8
{[%clk 0:10:39]} 36. Rb3 {[%clk 0:01:07]} Qd8 {[%clk 0:07:21]} 37. Rh1
{[%clk 0:00:56]} e5 {[%clk 0:04:56]} 38. Qh8 {[%clk 0:00:43]} Qxh8
{[%clk 0:03:17]} 39. Rxh8+ {[%clk 0:01:11]} Kc7 {[%clk 0:03:46]} 40. Rxa8
{[%clk 0:30:38]} Rxa8 {[%clk 0:34:14]} 41. Bh3 {[%clk 0:24:56]} f4
{[%clk 0:32:22]} 42. dxe5 {[%clk 0:17:22]} Nxe5 {[%clk 0:32:29]} 43. exf4
{[%clk 0:03:53]} Ned7 {[%clk 0:32:58]} 44. Bxd7 {[%clk 0:04:11]} Nxd7
{[%clk 0:33:23]} 45. Nd3 {[%clk 0:03:41]} b6 {[%clk 0:32:44]} 46. cxb6+
{[%clk 0:03:31]} Nxb6 {[%clk 0:33:13]} 47. Nc5 {[%clk 0:02:13]} Nc4
{[%clk 0:32:49]} 48. Rb4 {[%clk 0:01:31]} Kd6 {[%clk 0:28:09]} 49. Nb7+
{[%clk 0:02:00]} Ke6 {[%clk 0:28:35]} 50. Ke2 {[%clk 0:01:25]} Na5
{[%clk 0:27:40]} 51. Nxa5 {[%clk 0:01:03]} Rxa5 {[%clk 0:28:09]} 52. Kd3
{[%clk 0:00:54]} Kd6 {[%clk 0:28:11]} 53. f5 {[%clk 0:00:41]} c5 {[%clk 0:27:50]}
54. Rb6+ {[%clk 0:00:40]} Ke5 {[%clk 0:28:19]} 55. f4+ {[%clk 0:00:36]} Kxf4
{[%clk 0:23:40]} 56. Rb5 {[%clk 0:00:59]} Rxa4 {[%clk 0:23:57]} 57. Rxc5
{[%clk 0:01:24]} Ke5 {[%clk 0:24:23]} 58. f6 {[%clk 0:00:54]} Rf4
{[%clk 0:24:43]} 59. Rc6 {[%clk 0:00:53]} Rf3+ {[%clk 0:25:05]} 60. Ke2
{[%clk 0:01:12]} Rxf6 {[%clk 0:25:14]} 61. Rxf6 {[%clk 0:01:34]} 1/2-1/2

[Event "V. Dvorkovich Cup 2015 juniors"]
[Site "Moscow"]
[Date "2015.06.26"]
[Round "4.2"]
[White "Yayloyan ARM, Konstantin"]
[Black "Tutisani GEO, Noe"]
[Result "1/2-1/2"]
[LiveChessVersion "1.4.4"]
[BlackElo "2300"]
[WhiteElo "2171"]

1. e4 {[%clk 1:30:51]} c5 {[%clk 1:30:47]} 2. Nf3 {[%clk 1:31:14]} d6
{[%clk 1:31:08]} 3. d4 {[%clk 1:31:23]} cxd4 {[%clk 1:31:33]} 4. Nxd4
{[%clk 1:31:51]} Nf6 {[%clk 1:31:56]} 5. Nc3 {[%clk 1:32:16]} Nbd7
{[%clk 1:31:37]} 6. g4 {[%clk 1:30:52]} h6 {[%clk 1:32:02]} 7. Be3
{[%clk 1:26:22]} a6 {[%clk 1:32:25]} 8. f3 {[%clk 1:23:52]} e6 {[%clk 1:32:49]}
9. h4 {[%clk 1:21:03]} b5 {[%clk 1:30:30]} 10. Rh3 {[%clk 1:13:20]} Ne5
{[%clk 1:24:06]} 11. g5 {[%clk 1:03:36]} hxg5 {[%clk 1:20:49]} 12. hxg5
{[%clk 1:03:51]} Rxh3 {[%clk 1:20:50]} 13. Bxh3 {[%clk 1:04:07]} Nc4
{[%clk 1:12:54]} 14. Qe2 {[%clk 0:51:14]} Nxe3 {[%clk 1:02:28]} 15. Qxe3
{[%clk 0:51:08]} Nh7 {[%clk 0:59:38]} 16. f4 {[%clk 0:44:23]} e5 {[%clk 0:58:22]}
17. Nde2 {[%clk 0:44:27]} exf4 {[%clk 0:56:58]} 18. Nxf4 {[%clk 0:44:39]} Nxg5
{[%clk 0:55:58]} 19. Bxc8 {[%clk 0:44:23]} Rxc8 {[%clk 0:54:56]} 20. O-O-O
{[%clk 0:43:59]} Ne6 {[%clk 0:52:22]} 21. Nxe6 {[%clk 0:28:30]} fxe6
{[%clk 0:52:47]} 22. e5 {[%clk 0:25:59]} d5 {[%clk 0:52:10]} 23. Qh3
{[%clk 0:24:37]} Qg5+ {[%clk 0:51:48]} 24. Kb1 {[%clk 0:25:02]} Qxe5
{[%clk 0:51:54]} 25. Qh1 {[%clk 0:15:55]} Be7 {[%clk 0:43:57]} 26. Re1
{[%clk 0:14:11]} Qf6 {[%clk 0:44:06]} 27. Qh3 {[%clk 0:14:00]} Rc6
{[%clk 0:44:17]} 28. Rf1 {[%clk 0:10:06]} Qh6 {[%clk 0:38:36]} 29. Qg3
{[%clk 0:10:03]} Bd6 {[%clk 0:36:27]} 30. Qf3 {[%clk 0:10:19]} Qg6
{[%clk 0:36:34]} 31. Re1 {[%clk 0:08:31]} Kd7 {[%clk 0:36:36]} 32. Qd1
{[%clk 0:05:47]} Bb4 {[%clk 0:34:25]} 33. Rg1 {[%clk 0:04:31]} Qf6
{[%clk 0:30:55]} 34. Nxd5 {[%clk 0:03:50]} exd5 {[%clk 0:14:37]} 35. Qg4+
{[%clk 0:04:20]} Kd8 {[%clk 0:08:30]} 36. Qxb4 {[%clk 0:04:37]} 1/2-1/2

[Event "V. Dvorkovich Cup 2015 juniors"]
[Site "Moscow"]
[Date "2015.06.26"]
[Round "4.3"]
[White "Ghvamberia GEO, Nika"]
[Black "Parvanyan ARM, Ashot"]
[Result "1/2-1/2"]
[LiveChessVersion "1.4.4"]
[BlackElo "2168"]
[WhiteElo "2133"]

1. e4 {[%clk 1:30:57]} e6 {[%clk 1:30:38]} 2. d4 {[%clk 1:31:22]} d5
{[%clk 1:30:49]} 3. Nc3 {[%clk 1:31:46]} Bb4 {[%clk 1:30:52]} 4. exd5
{[%clk 1:31:35]} exd5 {[%clk 1:30:21]} 5. Bd3 {[%clk 1:31:56]} c6
{[%clk 1:28:56]} 6. Nge2 {[%clk 1:32:11]} Ne7 {[%clk 1:28:03]} 7. Ng3
{[%clk 1:29:33]} O-O {[%clk 1:23:19]} 8. O-O {[%clk 1:28:53]} Ng6
{[%clk 0:57:02]} 9. Nce2 {[%clk 1:22:30]} Bd6 {[%clk 0:54:49]} 10. Nf5
{[%clk 1:16:17]} Bxf5 11. Bxf5 {[%clk 1:16:34]} Qf6 {[%clk 0:52:54]} 12. Qd3
{[%clk 1:13:32]} Na6 {[%clk 0:49:27]} 13. c3 {[%clk 1:12:50]} Rfe8
{[%clk 0:46:56]} 14. Be3 {[%clk 1:06:36]} Nc7 {[%clk 0:45:25]} 15. g3
{[%clk 1:01:24]} Ne6 {[%clk 0:40:28]} 16. f4 {[%clk 0:52:20]} Nc7
{[%clk 0:29:28]} 17. Bg4 {[%clk 0:48:33]} Qe7 {[%clk 0:25:47]} 18. Kf2
{[%clk 0:44:43]} Qf6 {[%clk 0:17:36]} 19. Rae1 {[%clk 0:33:43]} Ne7
{[%clk 0:08:18]} 20. Bd7 {[%clk 0:29:01]} Red8 {[%clk 0:08:07]} 21. Bh3
{[%clk 0:28:55]} g6 {[%clk 0:05:39]} 22. Bd2 {[%clk 0:22:46]} Ne8
{[%clk 0:02:21]} 23. Ng1 {[%clk 0:22:35]} Bc7 {[%clk 0:02:15]} 24. Nf3
{[%clk 0:20:33]} Nd6 {[%clk 0:02:34]} 25. Kg2 {[%clk 0:19:54]} Ne4
{[%clk 0:00:33]} 26. Bc1 {[%clk 0:13:42]} Nf5 {[%clk 0:00:35]} 27. Ne5
{[%clk 0:12:49]} h5 {[%clk 0:00:37]} 28. Kg1 {[%clk 0:07:59]} c5 {[%clk 0:00:41]}
29. Bxf5 {[%clk 0:07:01]} Qxf5 {[%clk 0:00:33]} 30. dxc5 {[%clk 0:07:24]} Nxc5
{[%clk 0:00:36]} 31. Qxf5 {[%clk 0:07:33]} gxf5 {[%clk 0:01:02]} 32. Be3
{[%clk 0:06:06]} Ne4 {[%clk 0:01:01]} 33. Nf3 {[%clk 0:06:08]} Bb6
{[%clk 0:00:32]} 34. Bxb6 {[%clk 0:04:44]} axb6 {[%clk 0:00:58]} 35. a3
{[%clk 0:05:11]} Kg7 {[%clk 0:00:32]} 36. Rd1 {[%clk 0:04:13]} Kf6
{[%clk 0:00:36]} 37. Rd4 {[%clk 0:04:31]} Ra5 {[%clk 0:00:34]} 38. Rb4
{[%clk 0:04:04]} Rd6 {[%clk 0:00:45]} 39. Rd1 {[%clk 0:04:15]} Rc5
{[%clk 0:00:35]} 40. Ne5 {[%clk 0:32:42]} Rc8 {[%clk 0:30:33]} 41. Rxb6
{[%clk 0:31:31]} Rxb6 {[%clk 0:26:00]} 42. Nd7+ {[%clk 0:31:47]} Ke6
{[%clk 0:26:22]} 43. Nxb6 {[%clk 0:32:11]} Rc5 {[%clk 0:24:43]} 44. Rd4
{[%clk 0:27:40]} Rb5 {[%clk 0:12:12]} 45. Na4 {[%clk 0:21:53]} Ra5
{[%clk 0:05:11]} 46. Nb6 {[%clk 0:18:32]} Rb5 {[%clk 0:04:50]} 47. Rb4
{[%clk 0:16:10]} Rxb4 {[%clk 0:04:21]} 48. axb4 {[%clk 0:16:34]} Kd6
{[%clk 0:04:07]} 49. Kf1 {[%clk 0:14:45]} Kc6 {[%clk 0:03:42]} 50. Nc8
{[%clk 0:14:41]} Kd7 {[%clk 0:02:57]} 51. Nb6+ {[%clk 0:14:04]} Kc6
{[%clk 0:03:21]} 1/2-1/2